ARRUPE JESUIT UNIVERSITY

CORONAVIRUS -STOP THE SPREAD - CLEAN,DISINFECT,COVER

The slang thesaurus / (Record no. 128621)

MARC details
000 -LEADER
fixed length control field 00765cam a2200241 a 4500
001 - CONTROL NUMBER
control field 2898532
003 - CONTROL NUMBER IDENTIFIER
control field ARRUPE
005 - DATE AND TIME OF LATEST TRANSACTION
control field 20181122091509.0
008 - FIXED-LENGTH DATA ELEMENTS--GENERAL INFORMATION
fixed length control field 870127s1986 enk d 001 0 eng
010 ## - LIBRARY OF CONGRESS CONTROL NUMBER
LC control number 87106737
020 ## - INTERNATIONAL STANDARD BOOK NUMBER
International Standard Book Number 0241118514 :
Terms of availability £12.95
040 ## - CATALOGING SOURCE
Original cataloging agency DLC
Transcribing agency DLC
Modifying agency DLC
050 00 - LIBRARY OF CONGRESS CALL NUMBER
Classification number REF. PE3721
Item number .G684 1986
082 00 - DEWEY DECIMAL CLASSIFICATION NUMBER
Classification number 427/.09
Edition number 19
300 ## - PHYSICAL DESCRIPTION
Dimensions 23 cm.
100 1# - MAIN ENTRY--PERSONAL NAME
Personal name Green, Jonathon,
Dates associated with a name 1948-
9 (RLIN) 43570
245 14 - TITLE STATEMENT
Title The slang thesaurus /
Statement of responsibility, etc Jonathon Green.
260 ## - PUBLICATION, DISTRIBUTION, ETC. (IMPRINT)
Place of publication, distribution, etc London :
Name of publisher, distributor, etc Penguin Books,
Date of publication, distribution, etc 1986.
300 ## - PHYSICAL DESCRIPTION
Extent xiv, 280 p. ;
500 ## - GENERAL NOTE
General note Includes index.
650 #0 - SUBJECT ADDED ENTRY--TOPICAL TERM
Topical term or geographic name as entry element English language
General subdivision Slang
Form subdivision Dictionaries.
9 (RLIN) 43571
650 #0 - SUBJECT ADDED ENTRY--TOPICAL TERM
Topical term or geographic name as entry element English language
General subdivision Synonyms and antonyms.
9 (RLIN) 29295
906 ## - LOCAL DATA ELEMENT F, LDF (RLIN)
a 7
b cbc
c orignew
d 2
e ncip
f 19
g y-gencatlg
942 ## - ADDED ENTRY ELEMENTS (KOHA)
Source of classification or shelving scheme Library of Congress Classification
Koha item type REFERENCE
Holdings
Withdrawn status Lost status Source of classification or shelving scheme Damaged status Not for loan Collection code Home library Current library Shelving location Date acquired Total Checkouts Full call number Barcode Date last seen Price effective from Koha item type
    Library of Congress Classification     REFERENCE ARRUPE LIBRARY ARRUPE LIBRARY REFERENCE 22/11/2018   REF. PE3721 .G684 1986 46600002632 22/11/2018 22/11/2018 REFERENCE

 

Arrupe Library. PO Box MP320 Mt Pleasant, Harare, Zimbabwe
263 242 745411|librarian@aju.ac.zw